Garibaldi's defence of the Roman Republic
محفوظ في:
| المؤلف الرئيسي: | |
|---|---|
| التنسيق: | كتاب |
| اللغة: | Undetermined |
| منشور في: |
London
Longmans
1971
|
| الموضوعات: | |
| الوسوم: |
إضافة وسم
لا توجد وسوم, كن أول من يضع وسما على هذه التسجيلة!
|
| Thư viện lưu trữ: | Trung tâm Học liệu Trường Đại học Cần Thơ |
|---|
| LEADER | 00578nam a2200193Ia 4500 | ||
|---|---|---|---|
| 001 | CTU_81070 | ||
| 008 | 210402s9999 xx 000 0 und d | ||
| 082 | |a 945.08 | ||
| 082 | |b T812 | ||
| 100 | |a Trevelyan, George Macaulay | ||
| 245 | 0 | |a Garibaldi's defence of the Roman Republic | |
| 245 | 0 | |c George Macaulay Trevelyan | |
| 260 | |a London | ||
| 260 | |b Longmans | ||
| 260 | |c 1971 | ||
| 650 | |a Giuseppe Garibaldi, 1807-1882,Rome (Italy) | ||
| 650 | |x History,Revolution of 1848-1849 | ||
| 904 | |i Nguyên,Hải | ||
| 980 | |a Trung tâm Học liệu Trường Đại học Cần Thơ | ||